000 00748nam a2200253Ia 4500
003 OSt
005 20220928104732.0
006 a|||||r|||| 00| 0
007 ta
008 220927b |||||||| |||| 00| 0 eng d
020 _c1345.0527
024 _a118127
037 _b257, 26/11/2012, Classic Book Service
_cTextual
040 _aSDCL
_cSDCL
_beng
041 _2eng
_aeng
082 _aV44Q7'P, Q2
100 _aAtwan Abdel Bari
_9411756
245 0 _aAfter Bin Laden
_b Al-Qaida,the next generation.
260 _aLondon
_bSaqi
_c2012
300 _a300p.
_ccm.
650 _aPolitical Science
942 _hV44Q7'P, Q2
_cTEXL
_2CC
999 _c727467
_d727467